Регионална библиотека "Любен Каравелов" - Русе

Престъпен експеримент (Запис номер 89430)

MARC детайли
000 -Лидер
Лидер 01252nam a2200313 a 4500
003 - Код на организацията, давaща контролен номер
Код на организацията, даваща контролен номер BLK
005 - Дата и час на последна редакция
Дата и час на последна редакция 20250716122859.0
008 - Елементи от данни с фиксирана дължина
Елементи с фиксирана дължина 180408b bul|||||r ||||||| ||bul||
020 ## - Международен стандартен номер на книга ISBN
ISBN 9789546550828
040 ## - Източник на каталожния запис
Код на библиотеката BLK
041 ## - Код за език
Език Български
Език за КДБФ Български
080 ## - УДК
УДК текст Американска литература (на САЩ)
УДК код 821.111(73)
УДК – определител -312.4
УДК – код + определител 821.111(73)-312.4
100 1# - Редна дума - Автор
Автор Кларк, Мери Хигинс
R(LIN) 371250
245 10 - Сведения за заглавието
Заглавие Престъпен експеримент
Подзаглавни данни Роман
Авторска отговорност Мери Хигинс Кларк; прев. Людмила Левкова.
257 ## - Страна на издаване
Страна на създаване/издаване Съединени американски щати
260 ## - Област на издателските данни
Място на издаване София
Име на издателя Бард
Година на издаване 2010
Печатница Хасково : Полиграфюг
300 ## - Физическа характеристика
Брой страници 352 с.
Размер 20 см
380 ## - Жанр
Жанр Худож. лит.
500 ## - Общи забележки
Обща забележка Ориг. загл. The Cradle Will Fall / Mary Higgins Clark. - 1. изд. 1996 на изд. Гарант 21
700 ## - Други автори (авторска отговорност)
Друг автор Левкова, Людмила Спасова
Авт. отговорност на др. автор прев. от англ.
9 (RLIN) 365143
852 ## - Местоположение
Сигнатура (форматна) Цб 247020
852 ## - Местоположение
Отдел Заемна - подръчен фонд
Систематично-азбучна сигнатура 821-31/К 63 М
856 4# - Електронен адрес и достъп
Електронен формат pdf - файл
856 4# - Електронен адрес и достъп
Електронен формат pdf - файл
942 ## - АРТИКУЛИ
Вид на библиотечния документ Книги
Скрит в OPAC Не
Koha issues (borrowed), all copies 76
944 ## - СЪЗДАВАНЕ И РЕДАКЦИЯ на ЗАПИСА
Създаване/Редакция Създаване
Дата на регистрацията/редакция 08.02.2010
Номер на служител Виолета Тройчева
Служител, извършил регистрацията/редакцията 30552
944 ## - СЪЗДАВАНЕ И РЕДАКЦИЯ на ЗАПИСА
Създаване/Редакция Редакция
Дата на регистрацията/редакция 2023-07-20
Служител, извършил регистрацията/редакцията ГГГ
999 ## - СИСТЕМНИ КОНТРОЛНИ НОМЕРА
Koha biblionumber 89430
Koha biblioitemnumber 89430
Наличности
Код за отписване Код за изгубен артикул Код за повреда Коз за рестрикции Код за отдаване Артикулен № Име на библиотеката - собственик Име на библиотеката, в която се намира в момента Статус (Текущо местоположение) Дата на вписване в системата Местоположение - отдел Цена в лева Инвентарен номер Систематично азбучна сигнатура Баркод Номер на екземпляра Цена в евро Служебна бележка Служебен тип на артикула Източник на класификационната схема
Изтеглен Не е изгубен Не е повреден без рестрикции заемане за дома 144775 Регионална библиотека "Любен Каравелов" Русе Регионална библиотека "Любен Каравелов" Русе Заемна - подръчен фонд 2010-02-08 Заемна - подръчен фонд 11.99 120000741937 П 820(73)-31/К 63 120000741937 1 6.13 Дост: Pk Вид: Ф N: 363 Дата: 08.02.2010 Дата инв: 13.02.2018 Бележки инв: П2018 Книги  
Изтеглен Не е изгубен Не е повреден без рестрикции заемане за дома 144776 Регионална библиотека "Любен Каравелов" Русе Регионална библиотека "Любен Каравелов" Русе Заемна - подръчен фонд 2010-02-08 Заемна - подръчен фонд 11.99 120000741938 П 820(73)-31/К 63 120000741938 2 6.13 Дост: Pk Вид: Ф N: 363 Дата: 08.02.2010 Дата инв: 13.02.2018 Бележки инв: П2018 Книги Universal Decimal Classification
  Не е изгубен Не е повреден без рестрикции ползва се в читалня 144777 Регионална библиотека "Любен Каравелов" Русе Регионална библиотека "Любен Каравелов" Русе Хранилище 2011-08-16 Хранилище 11.99 120000752266 Цб 247020 120000752266 3 6.13 Дост: Dp Вид: Д N: 6 Дата: 07.02.2011 Книги  
  Не е изгубен Не е повреден   заемане за дома 931358 Регионална библиотека "Любен Каравелов" Русе Регионална библиотека "Любен Каравелов" Русе Заемна - подръчен фонд 2023-07-21 Заемна - подръчен фонд 11.99 120000890622 821-31/К 63 М 120000890622   6.13   Книги Universal Decimal Classification
Vip Innovations Ltd, Rousse, Bulgaria 2025